11 tisíc prutů, aneb, Rychtářovy lásky /

Hlavní autor: Apollinaire, Guillaume, 1880-1918
Další autoři: Mančuška, Ján, 1972-2011, Pech, Aleš, 1957-2002
Jazyk: Čeština
Vydáno: Praha : Concordia, 2000
Vydání: Vyd. 1.
Témata:
Fyzický popis: 238 s. : il. ; 20 cm
Knihy
Uloženo v:
LEADER 01360nam a2200361 a 4500
001 000570435
003 CZ BrMZK
005 20090318140822.0
007 ta
008 000115s2000 xr cze d
015 |a cnb000970652 
020 |a 80-85997-03-7 
035 |a (OCoLC)45372342 
040 |a BOA001  |b cze 
072 7 |a 821.133.1-3  |x Francouzská próza, francouzsky psaná  |2 Konspekt  |9 25 
080 |a 821.133.1-31  |2 MRF 
080 |a (0:82-993)  |2 MRF 
100 1 |a Apollinaire, Guillaume,  |d 1880-1918  |7 jn19981000126 
245 1 0 |a 11 tisíc prutů, aneb, Rychtářovy lásky /  |c Guillaume Apollianire ; [z francouzského originálu přeložil Aleš Pech ; ilustroval Ján Mančuška] 
246 1 8 |a 11 tisíc prutů 
246 1 |a 11 tisíc prutů 
250 |a Vyd. 1. 
260 |a Praha :  |b Concordia,  |c 2000 
300 |a 238 s. :  |b il. ;  |c 20 cm 
500 |a Hřbetní název: 11 tisíc prutů 
655 7 |a francouzské romány  |7 fd132289  |2 czenas 
655 7 |a erotické romány  |7 fd132211  |2 czenas 
700 1 |a Mančuška, Ján,  |d 1972-2011  |7 jo20000075488  |4 ill 
700 1 |a Pech, Aleš,  |d 1957-2002  |7 jn20001005611  |4 trl 
765 0 |t <<Les >>onze mille verges ou les amours d'un hospodar 
910 |a BOA001  |b 1-1089.994 
990 |a BK 
996 6 |b 2610142025  |c 1-1089.994  |l MZK  |r Sklad / do 1 hodiny  |n 8  |p p.v.  |w 000570435  |u 000010  |a 1  |e BOA001  |j MZK50  |s P